Medical Education And health Care (Record no. 49529)
[ view plain ]
| 000 -LEADER | |
|---|---|
| fixed length control field | 003920000a22001570004500 |
| 001 - CONTROL NUMBER | |
| control field | 000222 |
| 003 - CONTROL NUMBER IDENTIFIER | |
| control field | MACL |
| 040 ## - CATALOGING SOURCE | |
| Original cataloging agency | MACL |
| 090 ## - LOCALLY ASSIGNED LC-TYPE CALL NUMBER (OCLC); LOCAL CALL NUMBER (RLIN) | |
| -- | 222 |
| -- | 222 |
| 100 ## - MAIN ENTRY--PERSONAL NAME | |
| Personal name | Bajaj.J.S, |
| 245 ## - TITLE STATEMENT | |
| Title | Medical Education And health Care |
| Remainder of title | A Pluridimensional Paradigm |
| Statement of responsibility, etc. | Bajaj.J.S |
| 260 ## - PUBLICATION, DISTRIBUTION, ETC. (IMPRINT) | |
| Place of publication, distribution, etc. | Indian Institute Of Advanced Study, |
| Date of publication, distribution, etc. | 1998 |
| 350 ## - PRICE (NR) (BK AM CF MU VM SE) [OBSOLETE] | |
| Price | 250 |
| 650 ## - SUBJECT ADDED ENTRY--TOPICAL TERM | |
| Topical term or geographic name as entry element | Medical Education |
| 942 ## - ADDED ENTRY ELEMENTS (KOHA) | |
| Call number prefix | 372 |
| Koha item type | Library Membar |
No items available.









